| 000 | 01739nam0a2200409 4500 | ||
|---|---|---|---|
| 001 | RU\NLR\bibl\742367 | ||
| 005 | 20260405082953.0 | ||
| 010 |
_a5-17-026158-6 _bАСТ |
||
| 010 |
_a5-271-09907-5 _bАстрель |
||
| 010 |
_a5-9660-0393-9 _bЛюкс _93000 |
||
| 021 |
_aRU _b2004-65639 _93234 |
||
| 035 | _a(NLR Aleph) 000732232 | ||
| 090 |
_a769928 _c769928 |
||
| 100 | _a20041021d2004 |||y0rusy50 ca | ||
| 101 | 0 |
_arus _acze |
|
| 102 | _aRU | ||
| 105 | _ay ||||||||| | ||
| 200 | 1 |
_aСовременный чешско-русский словарь _dČesko-ruskў slovnik _eок. 11000 слов _fД. А. Длуги, Б. Г. Раевский _zcze |
|
| 210 |
_aМ. _cАСТ [и др.] _d2004 |
||
| 215 |
_a192 с. _d21 |
||
| 300 | _aНа обл. авт. не указаны | ||
| 510 | 1 |
_6z11790 _aČesko-ruskў slovnik _zcze |
|
| 606 | 0 |
_aРусский язык _xСловари _xЧешский язык _91540558 _3RU\NLR\auth\66972842 |
|
| 606 | 0 |
_aЧешский язык _xСловари _xРусский язык _91938049 _3RU\NLR\auth\661173705 |
|
| 686 | _aШ141.12-491перев | ||
| 686 | _aШ141.51-491перев | ||
| 700 | 1 |
_4070 _8rus _7ca _aДлуги _bД.А. _gДжаннета Александровна _3RU\NLR\AUTH\7729513 _912542 |
|
| 701 | 1 |
_4070 _8rus _7ca _aРаевский _bБ.Г. _gБорис Георгиевич _3RU\NLR\AUTH\7729519 _912548 |
|
| 790 | 1 |
_4070 _8rus _7ba _aDlugi _bD.A. _gDžanneta Aleksandrovna _3RU\NLR\auth\7729514 _912543 |
|
| 790 | 1 |
_4070 _8rus _7ba _aRaevskij _bB.G. _gBoris Georgievič _3RU\NLR\auth\7729520 _912549 |
|
| 801 | 0 |
_aRU _bNLR _c20041227 _gPSBO |
|
| 801 | 1 |
_aRU _bNLR _c20041227 |
|
| 830 | _aАвт. по кн. | ||
| 942 | _cBOOK | ||
| 980 | _aNB | ||